Mémoire culturelle algérienne : (Record no. 35055)

MARC details
000 -LEADER
campo de control de longitud fija 00898nam a2200241 i 4500
001 - NÚMERO DE CONTROL
campo de control 35055
003 - IDENTIFICADOR DE NÚMERO DE CONTROL
campo de control ES-MaACL
005 - FECHA Y HORA DE LA ÚLTIMA TRANSACCIÓN
campo de control 20240130125026.0
007 - CAMPO FIJO DE DESCRIPCIÓN FÍSICA--INFORMACIÓN GENERAL
campo de control de longitud fija t|
008 - DATOS DE LONGITUD FIJA--INFORMACIÓN GENERAL
campo de control de longitud fija 220419s2012 ae 001 0dfre d
080 ## - NÚMERO DE LA CLASIFICACIÓN DECIMAL UNIVERSAL
Número de la Clasificación Decimal Universal 978-9931-348-39-9
100 1# - ENTRADA PRINCIPAL--NOMBRE DE PERSONA
Nombre de persona Hamet, Ismaël.
9 (RLIN) 174392
245 10 - MENCIÓN DEL TÍTULO
Título Mémoire culturelle algérienne :
Resto del título articles parus dans des périodiques, 1907-1924.
260 ## - PUBLICACIÓN, DISTRIBUCIÓN, ETC.
Lugar de publicación, distribución, etc. [Alger] :
Nombre del editor, distribuidor, etc. Université d'Alger,
Fecha de publicación, distribución, etc. [2012]
300 ## - DESCRIPCIÓN FÍSICA
Extensión 169 p. ;
Dimensiones 23 cm.
490 1# - MENCIÓN DE SERIE
Mención de serie Publications du cinquantenaire de l'Université d'Alger, 1962-2012
651 #4 - PUNTO DE ACCESO ADICIONAL DE MATERIA--NOMBRE GEOGRÁFICO
Nombre geográfico Argelia-
Subdivisión general Historia-
Subdivisión cronológica S.XX.
9 (RLIN) 7804
830 1# - PUNTO DE ACCESO ADICIONAL DE SERIE-TÍTULO UNIFORME
Título uniforme Publications du cinquantenaire de l'Université d'Alger, 1962-2012
9 (RLIN) 229524
852 4# - LOCALIZACIÓN
Ubicación ES-MaACL
Número de control de estantería A-14932
itemnumber 36338
Sublocalización o colección R.152302
Ubicación en estantería Depósito 1
Signatura antigua Olim: N-7932
Donativo/Legado Donacion: Mohand Mouzai
903 ## - NOMBRE PERSONAL DE DONANTE
9 234971
a Mouzai, Mohand
e Donante
942 ## - ELEMENTOS DE ENTRADA SECUNDARIOS (KOHA)
Fuente del sistema de clasificación o colocación Clasificación decimal universal
Tipo de ítem Koha Libro impreso
Holdings
Estatus retirado Estado de pérdida Fuente del sistema de clasificación o colocación Estado de daño No para préstamo Biblioteca de origen Biblioteca actual Ubicación en estantería Fecha de adquisición Fuente de adquisición Total de préstamos Signatura topográfica completa Código de barras Visto por última vez Precio de reemplazo Tipo de ítem Koha
    Clasificación decimal universal     Biblioteca del Ateneo de Madrid Biblioteca del Ateneo de Madrid Depósito 1 19/04/2022 Donación   A-14932 1202892 23/02/2023 23/02/2023 Libro impreso